|
|
|
|
| LEADER |
00000nta a2200000 i 4500 |
| 001 |
dolg3388 |
| 005 |
20161125103615.0 |
| 008 |
161125suuuu hu o 000 hun d |
| 040 |
|
|
|a BGE Dolgozattár Repozitórium
|b hun
|
| 041 |
|
|
|a hun
|
| 100 |
1 |
|
|a Bencze Brigitta
|
| 245 |
1 |
2 |
|a A Global Leading Conferences Kft. által létrejövő kommunikációs tevékenység
|h [elektronikus dokumentum] /
|c Bencze Brigitta
|
| 516 |
|
|
|a Final_paper
|
| 695 |
|
|
|a Kommunikáció
|
| 695 |
|
|
|a Global Leading Conferences Kft.
|
| 700 |
0 |
1 |
|a Szabó Dániel
|e ths
|
| 856 |
4 |
0 |
|u http://dolgozattar.uni-bge.hu/3388/1/benczebrigitta_zarodolgozat.pdf
|z Dokumentum-elérés
|
| 856 |
4 |
0 |
|u http://dolgozattar.uni-bge.hu/3388/2/K%C3%A9relem_benczebrigitta.pdf
|z Dokumentum-elérés
|